Catalog

Record Details

Catalog Search



Love is a choice  Cover Image Book Book

Love is a choice / Dr. Robert Hemfelt, Dr. Frank Minirth, Dr. Paul Meier

Hemfelt, Robert (Author). Minirth, Frank B. (Added Author). Meier, Paul (Added Author).

Record details

  • ISBN: 0-8407-7171-1
  • Physical Description: 284 p.
  • Edition: 1st ed.
  • Publisher: Nashville Thomas Nelson Publishers 1989

Available copies

  • 1 of 1 copy available at Common Catalog SPOK.

Holds

  • 0 current holds with 1 total copy.
Show Only Available Copies
Location Call Number / Copy Notes Barcode Shelving Location Status Due Date
ETS Library 616.86 424470006492 Volný výběr Available -

LDR 00726nam a2 00265
00139024
003CZ-PrJAB
00520031217000000.0
008031217s1989 xxu e |||| |eng
009us
020 . ‡a0-8407-7171-1
035 . ‡a(CONS)5504
035 . ‡aKPS6229
041 . ‡aeng
08214. ‡a616.86
100 . ‡71146 ‡aHemfelt, Robert
245 . ‡aLove is a choice / ‡cDr. Robert Hemfelt, Dr. Frank Minirth, Dr. Paul Meier
250 . ‡a1st ed.
260 . ‡aNashville ‡bThomas Nelson Publishers ‡c1989
300 . ‡a284 p.
653 . ‡aLove is a choice
700 . ‡71145 ‡aMinirth, Frank B.
700 . ‡7691 ‡aMeier, Paul
8524 . ‡bETS ‡bETS ‡cVolný výběr ‡j616.86 ‡gA ‡p424470006492
910 . ‡aABG450
999 . ‡a5504 ‡bAUTOGEN ‡c5504 ‡tbiblio
905 . ‡uadmin
901 . ‡a39024 ‡b ‡c39024 ‡tbiblio ‡sets

Additional Resources